00617nam a2200121Ia 4500008004100000082002100041100002100062245011900083260004900202365000600251630011900257730011900376100415s9999 xx 000 0 und d b10158a598.1(54) aSMITH, MALCOLM A aThe Fauna of British India including Ceylon and Burma : Reptilia and Amphibia Vol. II - Sauria: FOR REFERENCE ONLY aNEW DELHIc1974bTODAY & TOMORROW'S PRINTERS b0 aThe Fauna of British India including Ceylon and Burma : Reptilia and Amphibia Vol. II - Sauria: FOR REFERENCE ONLY aThe Fauna of British India including Ceylon and Burma : Reptilia and Amphibia Vol. II - Sauria: FOR REFERENCE ONLY